| 000 | 04111nam a2200409 i 4500 | ||
|---|---|---|---|
| 003 | DO-SdBNP | ||
| 005 | 20250205102748.0 | ||
| 006 | a||||gr|||| 00| 0 | ||
| 007 | ta | ||
| 008 | 240510e1990 dr ad||| |||| 00| 0 spa d | ||
| 040 |
_aDO-SdBNP _bspa _cBNPHU _erda |
||
| 082 | 4 |
_222 _bR426q 1990 |
|
| 100 | 1 |
_aPérez, Danila, _eautora _985435 |
|
| 245 | 1 | 0 |
_a5to. grado: _bquinto libro / _cDanila Pérez, Griselda Taveras, Altagracia Andújar, Antonia Mejía, Angela Tavárez, Milagros Yost; ilustración, Rosa María López, Henry Fondeur, Julia Gil Brioso. |
| 246 | 1 | 1 |
_aQuinto grado: _bquinto libro. |
| 264 | 1 |
_aSanto Domingo : _bAgencia Española de Cooperación Internacional, _c1990 |
|
| 300 |
_a196 páginas : _bilustraciones ; _c27 cm. |
||
| 336 |
_2rdacontent _atexto _btx |
||
| 337 |
_2rdamedia _asin mediación _bn |
||
| 338 |
_2rdacarrier _avolumen _bnc |
||
| 500 | _aProyecto de Educación Básica a traves de Módulos Instruccionales. | ||
| 500 | _a5to. Grado. Cuarto Libro de Trabajo. | ||
| 500 | _aLibro de Trabajo. | ||
| 505 |
_aCómo estudia una lección.-- Presentación. _gLección No. 1 Estudios Sociales. _tLos Latinoamericanos se esfuerzan por lograr su desarrollo.-- _gLección No. 2 Lengua Española. _tLas Acciones o Verbos.-- _gLección No. 3 Ciencias Naturales.-- _tLa Atmosfera.-- _gLección No. 4. Matemática. _tTanto por Ciento.-- _gLección No. 5. Educación Musical. _tCoreografía de Nuestros Bailes Folkloricos.-- _gLección No. 6. Educación Musical. _tLa Constitución en América Latina.-- _gLección No. 7. Lengua Española. _tEl Verbo, Las personas y los Tiempos Verbales.-- _gLección No. 8 Ciencias Naturales.-- _tBeneficios de la Atmosfera.-- _gLección No. 9 Matemática. _tCambio de una unidad de Longitud mayor a una menor en el Sistema Métrico Decimal.-- _gLección No. 10. Educación Musical. _tCoreografía del Baile de Palos.-- _gLección No. 11. Estudios Sociales. _tDerechos Humanos Consagrados en las Constituciones Americanas.-- _gLección No. 12. Lengua Española. _tVerbos Terminados en AR.-- _gLección No. 13 Ciencias Naturales.-- _tEl Sistema Solar.-- _gLección No. 14. Matemática. _tCambio de una unidad de Longitud Menor a otra Mayor en el Sistema Métrico Decimal.-- _gLección No. 15. Educación Musical. _tCoreografía del Carabine.-- |
||
| 505 |
_aLección No. 16. Estudios Sociales. _tFormas de Gobierno.-- _gLección No. 17. Lengua Española. _tVerbos que terminan con ER.-- _gLección No. 18. Ciencias Naturales. _t¿Cómo son los Planetas?.-- _gLección No. 19. Matemática. _tPolígonos Regulares e Irregulares. Cuadriláteros. Sus Diagonales.-- _gLección No. 20. Educación Musical.-- _tCoreografía de la Mangulina.-- _gLección No. 21. Estudios Sociales. _tEl Gobierno Dominicano.-- _gLección No. 22. Lengua Española. _tVerbos que terminan en IR.-- _gLección No. 23. Ciencias Naturales. _tObservando el Universo: Las Galxias.-- _gLección No. 24. Matemática. _tCambio de Unidades de Superficie en el Sistema Métrico Decimal.-- _gLección No. 25. Educación Musical. _tCoreografía del Merengue.-- _gLección No. 26. Estudios Sociales. _tConvivencia y Cooperación.-- _gLección No. 27. La Lengua Española. _tEl Adverbio.-- _gLección No. 28. Ciencias Naturales. _tObservando el Universo: Las Cosntelaciones.-- _gLección No. 29. Matemática. _tMedidas de Regiones que tienen forma de Rombo, Romboide y Trapecio.-- _gLección No. 30. Educación Musical. _tBaile de la Cinta.-- _tRespuestasala autoevaluaciones.-- Estudios Sociales.-- Lengua Española.-- Ciencias Naturales.-- Matemática.-- Educación Musical. |
||
| 590 | _aInventariado 2024 / MF | ||
| 700 | 1 |
_aTaveras, Griselda, _eautora _985436 |
|
| 700 | 1 |
_aAndujar, Altagracia, _984313 _eautora |
|
| 700 | 1 |
_aMejía, Antonia, _931235 _eautora |
|
| 700 | 1 |
_aTavárez Rodríguez, Ángela, _936265 _eautor |
|
| 700 | 1 |
_aYost, Milagros, _975860 _eautora |
|
| 700 | 1 |
_aLópez, Rosa María, _975948 _eilustradora |
|
| 700 | 1 |
_4Fondeur, Henry, _eilustrador |
|
| 700 | 1 |
_aGil Brioso, Julia, _936916 _eilustrador |
|
| 710 | 1 |
_aRepública Dominicana. _bSecretaría de Estado de Educación, Bellas Artes y Cultos _923965 |
|
| 942 |
_2ddc _cLBS1 |
||
| 999 |
_c56629 _d56629 |
||